New Methods in Analytical Chemistry
| Main Authors: | , |
|---|---|
| Format: | Section = Libro |
| Language: | Undetermined Spanish |
| Published: |
Great Britain
Reinhold Publishing Corporation
1955
|
| Subjects: |
| LEADER | 00532nam a2200193Ia 4500 | ||
|---|---|---|---|
| 008 | 240830s9999 xx 000 0 und d | ||
| 040 | |a CEDOC FIQ-RUSB / 543 B427 | ||
| 041 | |a spa | ||
| 082 | |a 543 B427 | ||
| 100 | 1 | |a Belcher, Ronald | |
| 100 | 1 | |b Wilson, Cecil L. | |
| 245 | 1 | 0 | |a New Methods in Analytical Chemistry |
| 260 | |a Great Britain |b Reinhold Publishing Corporation |c 1955 | ||
| 300 | |a 287 p.: il. | ||
| 650 | 7 | |a QUÍMICA ANALíTICA | |
| 650 | 7 | |b PRECIPITACIÓN DE OXALATOS | |
| 942 | |c BK |2 ddc | ||
| 991 | |a TEXTO | ||
| 999 | |c 13732 | ||